000 00709nam a22002177a 4500
003 UA-OsUOA
001 107226
007 ta
008 20140714b un ||||| |||| 00| 0 ukr d
100 _aКричевська Т.О.
090 _a330(477)
_bК82
942 _cSA
040 _aUA-OsUOA
_bukr
_cUA-OsUOA
_dUA-OsUOA
245 _aМожливості підвищення ефективності грошово-кредитного стимулювання економіки (досвід Бразильського банку розвитку)
300 _aС.20-42
955 _a0
041 _aukr
080 _a330(477)
773 0 _w107224
650 7 _a330 Економіка взагалі
_2UDC
999 _c393001
_d393001